000 00958nas a2200313 4500
001 BR0200567
003 BR-BrBNA
005 20231205102650.0
007 ta
008 230509b bl.|||p| |||| 00| 00por d
040 _aBR-BrBNA
_bpor
_cBiblioteca Nacional de Agricultura
041 _a(Pt)
072 _aF62
100 1 _aDomingos, M.
100 1 _aSilva, A.A. da
100 1 _aSilva, R.F. da
100 1 _aSilva, J.F.
100 1 _aCardoso, A.A.
245 1 _aEfeitos de dessecantes, da época de colheita, do enleiramento e da chuva simulada no rendimento e na qualidade fisiológica das sementes de feijão
650 _aFEIJÃO
650 _aSEMENTE
650 _aQUALIDADE
650 _aRENDIMENTO
650 _aDESSECANTE
650 _aÉPOCA DE COLHEITA
773 0 _tRevista Ceres (Brazil)
_xISSN 0034-737X
_g(May-Jun 2001), v.48(277) p. 365-380
_wBR0200567
909 _a202311
_bLúcia
_c55
_dLúcia Elande
942 _2AGRIS
_n0
_cANA
999 _c168696
_d168696